| 000 | 02067cam a2200397 i 4500 | ||
|---|---|---|---|
| 005 | 20260322212051.0 | ||
| 008 | data | ||
| 010 | _a 2013004431 | ||
| 020 | _a9780374102418 (hardcover) | ||
| 020 | _a0374102414 | ||
| 040 |
_aDLC _beng _cDLC _erda _dDLC |
||
| 042 | _apcc | ||
| 043 | _an-us--- | ||
| 050 | 0 | 0 |
_aE839 _b.P28 2013 |
| 082 | 0 | 0 |
_a973.924 _223 |
| 092 | _a973.92 P28 2013 | ||
| 100 | 1 |
_aPacker, George, _d1960- |
|
| 245 | 1 | 4 |
_aThe unwinding : _ban inner history of the new America / _cGeorge Packer. |
| 250 | _aFirst edition. | ||
| 264 | 1 |
_aNew York : _bFarrar, Straus and Giroux, _c2013. |
|
| 300 |
_aviii, 434 pages ; _c24 cm |
||
| 336 |
_atext _2rdacontent |
||
| 337 |
_aunmediated _2rdamedia |
||
| 338 |
_avolume _2rdacarrier |
||
| 504 | _aIncludes bibliographical references (pages 431-434). | ||
| 505 | 0 | _aPart I -- 1978 -- Dean Price -- Total War : Newt Gingrich -- Jeff Connaughton -- 1984 -- Tammy Thomas -- Her Own : Oprah Winfrey -- 1987 -- Jeff Connaughton -- Dean Price -- Mr. Sam : Sam Walton -- 1994 -- Jeff Connaughton -- Tammy Thomas -- Just Business : Jay-Z -- Silicon Valley -- 1999 -- Biography : Alice Waters -- Dean Price -- Tammy Thomas -- 2003 -- Institution Man (1) : Colin Powell -- Jeff Connaughton -- Part II -- Dean Price -- Biography : Andrew Breitbart -- Tampa -- 2008 -- Silicon Valley -- Institution Man (2) : Robert Rubin -- Jeff Connaughton -- Tammy Thomas -- Dean Price -- Tampa -- Part III -- Jeff Connaughton -- 2010 -- Biography : Elizabeth Warren -- Tampa -- Dean Price -- Tammy Thomas -- Tampa -- Wall Street -- 2012 -- Silicon Valley -- Jeff Connaughton -- Tampa -- Tammy Thomas -- Dean Price. | |
| 650 | 0 |
_aSocial problems _zUnited States. |
|
| 650 | 0 |
_aCrises _zUnited States. |
|
| 650 | 0 |
_aPoliticians _zUnited States _vBiography. |
|
| 650 | 0 |
_aCelebrities _zUnited States _vBiography. |
|
| 651 | 0 |
_aUnited States _xHistory _y1969- |
|
| 651 | 0 |
_aUnited States _xSocial conditions _y1980- |
|
| 651 | 0 |
_aUnited States _vBiography. |
|
| 651 | 0 |
_aUnited States _xPolitics and government _y1989- |
|
| 001 | data | ||
| 999 |
_c1207 _d1207 |
||